<?xml version="1.0" encoding="UTF-8"?>
<record
    xmlns:xsi="http://www.w3.org/2001/XMLSchema-instance"
    xsi:schemaLocation="http://www.loc.gov/MARC21/slim http://www.loc.gov/standards/marcxml/schema/MARC21slim.xsd"
    xmlns="http://www.loc.gov/MARC21/slim">

  <leader>00727nam a2200217 a 4500</leader>
  <controlfield tag="001">2167</controlfield>
  <controlfield tag="003">CDMR</controlfield>
  <controlfield tag="005">20131203131042.0</controlfield>
  <controlfield tag="008">130130s1986||||||||||||||||||||||||||||d</controlfield>
  <datafield tag="020" ind1=" " ind2=" ">
    <subfield code="a">8430660011</subfield>
  </datafield>
  <datafield tag="040" ind1=" " ind2=" ">
    <subfield code="a">CDMR</subfield>
    <subfield code="b">cat</subfield>
    <subfield code="c">CDMR</subfield>
  </datafield>
  <datafield tag="100" ind1="1" ind2=" ">
    <subfield code="a">Tarde, Gabriel</subfield>
    <subfield code="9">1614</subfield>
  </datafield>
  <datafield tag="245" ind1="1" ind2="3">
    <subfield code="a">La opini&#xF3;n y la multitud</subfield>
    <subfield code="c">Gabriel Tarde ; pr&#xF3;logo y versi&#xF3;n castellana de Eloy Terr&#xF3;n</subfield>
  </datafield>
  <datafield tag="260" ind1=" " ind2=" ">
    <subfield code="a">Madrid</subfield>
    <subfield code="c">1986</subfield>
    <subfield code="b">Taurus</subfield>
  </datafield>
  <datafield tag="300" ind1=" " ind2=" ">
    <subfield code="a">183 p.</subfield>
  </datafield>
  <datafield tag="490" ind1="0" ind2=" ">
    <subfield code="a">Noesis de Comunicaci&#xF3;n</subfield>
    <subfield code="v">1</subfield>
  </datafield>
  <datafield tag="505" ind1=" " ind2=" ">
    <subfield code="a">Cont&#xE9;: 1. El p&#xFA;blico y la multitud ; 2.- La opini&#xF3;n y la conversaci&#xF3;n ; 3.- Las multitudes y las sectas criminales</subfield>
  </datafield>
  <datafield tag="650" ind1="0" ind2="4">
    <subfield code="9">4172</subfield>
    <subfield code="a">Societat de massa</subfield>
  </datafield>
  <datafield tag="650" ind1="0" ind2="4">
    <subfield code="9">4289</subfield>
    <subfield code="a">Comunicaci&#xF3;</subfield>
    <subfield code="x">Aspectes socials</subfield>
  </datafield>
  <datafield tag="942" ind1=" " ind2=" ">
    <subfield code="c">MON</subfield>
    <subfield code="2">udc</subfield>
  </datafield>
  <datafield tag="999" ind1=" " ind2=" ">
    <subfield code="c">2167</subfield>
    <subfield code="d">2167</subfield>
  </datafield>
  <datafield tag="952" ind1=" " ind2=" ">
    <subfield code="0">0</subfield>
    <subfield code="1">0</subfield>
    <subfield code="4">0</subfield>
    <subfield code="7">0</subfield>
    <subfield code="a">CDMR</subfield>
    <subfield code="b">CDMR</subfield>
    <subfield code="d">2013-01-16</subfield>
    <subfield code="l">0</subfield>
    <subfield code="o">Cc 5/21</subfield>
    <subfield code="p">CDMR1312613249</subfield>
    <subfield code="r">2013-01-16</subfield>
    <subfield code="w">2013-01-16</subfield>
    <subfield code="y">MON</subfield>
  </datafield>
  <datafield tag="952" ind1=" " ind2=" ">
    <subfield code="0">0</subfield>
    <subfield code="1">0</subfield>
    <subfield code="2">udc</subfield>
    <subfield code="4">0</subfield>
    <subfield code="7">0</subfield>
    <subfield code="8">ARAGO</subfield>
    <subfield code="a">GIRONA</subfield>
    <subfield code="b">GIRONA</subfield>
    <subfield code="d">2013-07-23</subfield>
    <subfield code="l">0</subfield>
    <subfield code="o">Cc 382</subfield>
    <subfield code="p">GIRONA13076139</subfield>
    <subfield code="r">2013-07-23</subfield>
    <subfield code="w">2013-07-23</subfield>
    <subfield code="y">MON</subfield>
  </datafield>
</record>
